Educación 2.0 : aprendizajes en red y construcción abierta /
Guardado en:
| Autor Principal: | |
|---|---|
| Otros Autores: | |
| Formato: | Libro |
| Publicado: |
Buenos Aires :
Pensando en Tic,
2015
|
| Materias: | |
| Etiquetas: |
Agregar Etiqueta
Sin Etiquetas, Sea el primero en etiquetar este registro!
|
| LEADER | 00632nam a22002055a 4500 | ||
|---|---|---|---|
| 001 | CEM.cems014742 | ||
| 008 | 130507s2015##################000#0#####d | ||
| 005 | 20210805162352.0 | ||
| 003 | CEMS | ||
| 245 | 1 | 0 | |a Educación 2.0 : |b aprendizajes en red y construcción abierta / |c Alejandro Formanchuk y Luis David Tobón |
| 260 | |a Buenos Aires : |b Pensando en Tic, |c 2015 | ||
| 300 | |a 76 p. | ||
| 590 | |a 1324.016 | ||
| 100 | 1 | |a Formanchuk, Alejandro | |
| 700 | 1 | |a Tobón, Luis David | |
| 653 | |a Educación | ||
| 653 | |a Educación 2.0 | ||
| 653 | |a Informática | ||
| 653 | |a Biblioteca TC | ||
| 859 | |a CEMS |b BIB. CEMS - 11 de abril |h TC |p 1324.016 |t Ej.1 | ||
